A SURVEY OF THE EFFECT OF REGIONAL DEVELOPMENT AUTHORITIES' ACTIVITIES ON RURAL DEVELOPMENT (Record no. 216040)
[ view plain ]
| 000 -LEADER | |
|---|---|
| fixed length control field | 00454nam a22001457a 4500 |
| 008 - FIXED-LENGTH DATA ELEMENTS--GENERAL INFORMATION | |
| fixed length control field | 250815b |||||||| |||| 00| 0 eng d |
| 050 ## - LIBRARY OF CONGRESS CALL NUMBER | |
| Classification number | THE HN 380.5 .A28 2012 |
| 100 ## - MAIN ENTRY--PERSONAL NAME | |
| Personal name | ABUGA, SAMWEL MARUBE |
| 245 ## - TITLE STATEMENT | |
| Title | A SURVEY OF THE EFFECT OF REGIONAL DEVELOPMENT AUTHORITIES' ACTIVITIES ON RURAL DEVELOPMENT |
| 260 ## - PUBLICATION, DISTRIBUTION, ETC. | |
| Place of publication, distribution, etc. | KISII |
| Name of publisher, distributor, etc. | KISII UNIVERSITY |
| Date of publication, distribution, etc. | 2012 |
| 300 ## - PHYSICAL DESCRIPTION | |
| Extent | Xii,43P. |
| 500 ## - GENERAL NOTE | |
| General note | Includes References |
| 942 ## - ADDED ENTRY ELEMENTS (KOHA) | |
| Source of classification or shelving scheme | Library of Congress Classification |
| Koha item type | Long Loan Book |
| Withdrawn status | Lost status | Source of classification or shelving scheme | Damaged status | Not for loan | Collection | Home library | Current library | Shelving location | Date acquired | Inventory number | Total checkouts | Full call number | Barcode | Date last seen | Copy number | Price effective from | Koha item type |
|---|---|---|---|---|---|---|---|---|---|---|---|---|---|---|---|---|---|
| Library of Congress Classification | Special Research | Kisii University Library | Kisii University Library | On Display | 08/15/2025 | 032/012 | THE HN 380.5 .A28 2012 | 000000022619 | 08/15/2025 | 2 | 08/15/2025 | Long Loan Book |